|
|
|
|
| LEADER |
01212cam a2200265 i 4500 |
| 001 |
3070440 |
| 003 |
GR-PaULI |
| 005 |
20220303113052.0 |
| 008 |
970417t1997 us g b 001 0 eng d |
| 952 |
|
|
|0 0
|1 0
|2 ddc
|4 0
|6 938_050000000000000_ALL
|7 0
|9 233894
|a LISP
|b LISP
|c BSC
|d 2019-07-12
|i 012750
|l 0
|o 938.05 ALL
|p 025000263836
|r 2020-01-03 00:00:00
|t 1
|v 2019.00
|w 2019-07-12
|y BK15
|x Μεταφορά Τμήματος Φιλολογίας
|
| 999 |
|
|
|c 141881
|d 141881
|
| 020 |
|
|
|a 0788503634 (σκληρόδετο)
|
| 040 |
|
|
|a DLC
|b gre
|c DLC
|d DLC
|d GR-PaULI
|e AACR2
|
| 082 |
0 |
4 |
|a 938.05
|2 23
|
| 100 |
1 |
|
|a Allison, June W.
|9 177064
|e συγγραφέας.
|
| 245 |
1 |
0 |
|a Word and concept in Thucydides /
|c June W. Allison.
|
| 260 |
|
|
|a Atlanta, Ga. :
|b Scholars Press,
|c c1997.
|
| 300 |
|
|
|a xvi, 278 σ. ;
|c 24 εκ.
|
| 490 |
1 |
|
|a American classical studies ;
|v 41
|
| 504 |
|
|
|a Περιλαμβάνει βιβλιογραφία και ευρετήριο.
|
| 600 |
0 |
4 |
|a Θουκυδίδης
|d 470-394
|x Γλώσσα
|9 173908
|
| 651 |
|
4 |
|a Ελλάδα
|x Ιστορία
|y Μέχρι το 146 π.Χ.
|9 161233
|v Συνέδρια
|
| 830 |
|
0 |
|9 161449
|a American classical studies
|v 41.
|
| 942 |
|
|
|2 ddc
|c BK15
|
| 998 |
|
|
|c ΒΑΣΙΛΕΙΟΥ
|d 2019-07
|